[Event "AUTO-OPEN-3810"]
[Site "http://www.queenalice.com/game.php?id=1481144"]
[Date "2017.6.5"]
[Round "1"]
[White "antoniotupan"]
[Black "The_Clown"]
[Result "1-0"]
[WhiteElo "2123"]
[BlackElo "1694"]

1. e4 e5 2. Nf3 d6 3. Nc3 Nf6 4. Bc4 Bg4 5. h3 Bxf3 6. Qxf3 Be7 7. O-O O-O 8. a4
a6 9. d3 c6 10. Be3 d5 11. exd5 cxd5 12. Nxd5 Nxd5 13. Bxd5 Nc6 14. Bxc6 bxc6
15. Qxc6 Bf6 16. b4 e4 17. d4 Bxd4 18. Rad1 Re8 19. Rxd4 Qe7 20. Rfd1 Rac8 21.
Qxa6 Rxc2 22. b5 g6 23. Rd7 Qe6 24. Rd8 Rc3 25. Qxe6 fxe6 26. Rxe8+ Kf7 27. Ra8
e5 28. Ra7+ Kf6 29. Rd6+ Kf5 30. g4# 1-0

[Event "AUTO-OPEN-3810"]
[Site "http://www.queenalice.com/game.php?id=1481145"]
[Date "2017.6.5"]
[Round "1"]
[White "The_Clown"]
[Black "antoniotupan"]
[Result "0-1"]
[WhiteElo "1701"]
[BlackElo "2124"]

1. e4 e5 2. d4 exd4 3. Qxd4 Nc6 4. Qe3 Bb4+ 5. Bd2 Nf6 6. Bxb4 d6 7. Bd2 O-O 8.
Nc3 d5 9. exd5 Re8 10. dxc6 Rxe3+ 11. fxe3 Qd6 12. cxb7 Bxb7 13. O-O-O Ng4 14.
Be1 Qf6 15. Nf3 Bxf3 16. gxf3 Qxf3 17. Rg1 Qxe3+ 18. Kb1 Qxg1 19. Be2 Ne3 20.
Kc1 Nxd1 21. Kxd1 Qxh2 22. Kc1 Re8 23. Kd2 Qg1 24. a4 Qe3+ 25. Kd1 g5 26. Bd2
Qg1+ 27. Be1 g4 28. b4 g3 29. Nd5 Qd4+ 0-1

[Event "AUTO-OPEN-3810"]
[Site "http://www.queenalice.com/game.php?id=1481148"]
[Date "2017.6.5"]
[Round "1"]
[White "antoniotupan"]
[Black "od_xavier"]
[Result "1-0"]
[WhiteElo "2125"]
[BlackElo "1483"]

1. d4 d5 2. c4 Nf6 3. cxd5 Qxd5 4. Nc3 Qd8 5. Bf4 e6 6. Nf3 Bb4 7. e4 O-O 8. Qc2
b6 9. Bd3 Nbd7 10. e5 Ng4 11. Bxh7+ Kh8 12. Be4 Rb8 13. Ng5 g6 14. Qd2 c5 15. a3
Kg7 16. axb4 c4 17. Rxa7 Nh6 18. Nxe6+ fxe6 19. Bxh6+ Kg8 20. Bxf8 Qxf8 21. h4
Qg7 22. Qg5 Qh8 23. Qxg6+ Kf8 24. h5 Qg7 25. Qxe6 Qg5 26. Bd5 Kg7 27. Qg8+ Kh6
28. Qh8# 1-0

[Event "AUTO-OPEN-3810"]
[Site "http://www.queenalice.com/game.php?id=1481149"]
[Date "2017.6.5"]
[Round "1"]
[White "od_xavier"]
[Black "antoniotupan"]
[Result "0-1"]
[WhiteElo "1597"]
[BlackElo "2126"]

1. e4 e5 2. Nf3 Nc6 3. Bc4 Nf6 4. Nc3 Nxe4 5. Nxe4 d5 6. Bxd5 Qxd5 7. d3 Bf5 8.
O-O O-O-O 9. Nc3 Qe6 10. Be3 h5 11. Nb5 a6 12. Na7+ Nxa7 13. Bxa7 b6 14. Qe2 f6
15. d4 Kb7 16. Bxb6 cxb6 17. dxe5 fxe5 18. Nd2 Bxc2 19. Rac1 Bd3 20. Qf3+ Rd5
21. Rfe1 Bb4 22. Rcd1 Rf8 23. Qxf8 Bxf8 24. a3 Bc2 25. Rc1 Rxd2 26. Re3 Bc5 27.
Rc3 Qd5 28. h3 Bxf2+ 29. Kh2 Be1 30. Rf3 Qxf3 31. Rxc2 Qxg2# 0-1

[Event "Challenge"]
[Site "http://www.queenalice.com/game.php?id=1485783"]
[Date "2017.7.12"]
[Round "-"]
[White "antoniotupan"]
[Black "EdBrazil"]
[Result "1-0"]
[WhiteElo "2127"]
[BlackElo "1525"]

1. e4 e5 2. Nf3 d6 3. Nc3 c5 4. Bc4 Nc6 5. d3 Bg4 6. h3 Bh5 7. Nxe5 Bxd1 8. Nxd1
dxe5 9. O-O Nd4 10. c3 Ne2+ 11. Kh2 g5 12. Bb5+ Ke7 13. Bxg5+ f6 14. Be3 Rc8 15.
Re1 a6 16. Ba4 Qxd3 17. b4 Nxc3 18. Nxc3 Qxc3 19. Bxc5+ Kf7 20. Bb3+ Kg6 21. Re3
Qxa1 22. Rg3+ Kh6 23. Be3+ Kh5 24. Bf7+ Kh4 25. Rg4# 1-0

[Event "Let's Play Chess!"]
[Site "http://www.queenalice.com/game.php?id=1840219"]
[Date "2024.7.16"]
[Round "-"]
[White "igor12345"]
[Black "antoniotupan"]
[Result "0-1"]
[WhiteElo "1957"]
[BlackElo "2138"]

1. e4 e5 2. f4 exf4 3. Nf3 h6 4. e5 g5 5. h3 Nc6 6. Bc4 Bg7 7. d4 d6 8. exd6
cxd6 9. O-O d5 10. Re1+ Nge7 11. Bb3 O-O 12. c3 Bf5 13. Nbd2 Qd6 14. Bc2 Rac8
15. Nb3 Qg6 16. Bxf5 Nxf5 17. Ne5 Nxe5 18. dxe5 Rfe8 19. Qxd5 Qb6+ 20. Kh2 Rcd8
21. Qc5 Qxc5 22. Nxc5 Re7 23. Kg1 Bxe5 24. Kf2 f6 25. Nb3 Kf7 26. Bd2 Red7 27.
Ke2 Nh4 28. Rg1 Rd3 29. Rgd1 Nxg2 30. Nd4 Rxh3 31. Be1 Ne3 32. Bf2 Nxd1 33. Rxd1
g4 34. Rg1 h5 0-1

[Event "Let's Play Chess!"]
[Site "http://www.queenalice.com/game.php?id=1840327"]
[Date "2024.7.16"]
[Round "-"]
[White "igor12345"]
[Black "antoniotupan"]
[Result "0-1"]
[WhiteElo "1966"]
[BlackElo "2131"]

1. e4 e5 2. f4 exf4 3. Nf3 Nf6 4. e5 Nh5 5. Bc4 d5 6. exd6 Bxd6 7. Qe2+ Qe7 8.
Qxe7+ Bxe7 9. d4 O-O 10. O-O Nc6 11. c3 h6 12. Nbd2 Re8 13. Bb5 Bf5 14. Ne5 Nxe5
15. Bxe8 Rxe8 16. dxe5 Bc5+ 17. Kh1 Bd3 18. Re1 Bf2 19. Nf3 Bxe1 20. Nxe1 Be2
21. Nf3 Bxf3 22. gxf3 Rd8 23. b4 Rd1+ 24. Kg2 g5 25. Kh3 Ng7 26. Bb2 Rd2 27. Rb1
h5 28. a4 Ne6 29. Ba1 g4+ 30. fxg4 Ng5+ 31. Kh4 Nf3+ 0-1

[Event "Challenge"]
[Site "http://www.queenalice.com/game.php?id=1840980"]
[Date "2024.7.28"]
[Round "-"]
[White "JJerzy"]
[Black "antoniotupan"]
[Result "1-0"]
[WhiteElo "2180"]
[BlackElo "2158"]

1. d4 d5 2. Nf3 Nf6 3. e3 e6 4. c4 Be7 5. Nc3 O-O 6. Bd2 c5 7. cxd5 exd5 8. dxc5
Bxc5 9. Be2 Nc6 10. O-O Qe7 11. Nb5 Ne4 12. Rc1 Rd8 13. Nbd4 Bb6 14. Rxc6 bxc6
15. Nxc6 Qd6 16. Nxd8 Bxd8 17. Nd4 Bc7 18. g3 Bh3 19. Re1 Rb8 20. b3 Qf6 21. f4
Bxf4 22. Bf3 Be5 23. Bxe4 dxe4 24. Bc3 Rc8 25. Bb2 Qg5 26. Kf2 h5 27. Qd2 h4 28.
Rg1 Qf5+ 29. Nxf5 1-0

[Event "Challenge"]
[Site "http://www.queenalice.com/game.php?id=1840981"]
[Date "2024.7.28"]
[Round "-"]
[White "antoniotupan"]
[Black "JJerzy"]
[Result "1-0"]
[WhiteElo "2145"]
[BlackElo "2193"]

1. e4 c5 2. Nf3 d6 3. d4 cxd4 4. Nxd4 Nf6 5. Nc3 a6 6. h3 e6 7. g4 Be7 8. g5
Nfd7 9. a3 O-O 10. h4 Qc7 11. Be3 Ne5 12. f4 Nc4 13. Bxc4 Qxc4 14. Qd2 Nc6 15.
O-O-O Nxd4 16. Bxd4 Qc7 17. f5 exf5 18. Nd5 Qd8 19. Bb6 Qd7 20. exf5 f6 21. Rhe1
Bd8 22. Bxd8 Qxd8 23. gxf6 gxf6 24. Re7 1-0

[Event "Challenge"]
[Site "http://www.queenalice.com/game.php?id=1841671"]
[Date "2024.8.10"]
[Round "-"]
[White "jogo"]
[Black "antoniotupan"]
[Result "0-1"]
[WhiteElo "1777"]
[BlackElo "2129"]

1. e4 c5 2. Nf3 d6 3. d4 Nf6 4. Nc3 cxd4 5. Nxd4 a6 6. Be3 e5 7. Nb3 Be6 8. f3
Be7 9. Qd2 h5 10. O-O-O Nbd7 11. Kb1 Rc8 12. Na4 d5 13. exd5 Nxd5 14. Bf2 b5 15.
Nc3 Rxc3 16. bxc3 Qc7 17. Kb2 Nxc3 18. Qxc3 Ba3+ 0-1

[Event "Challenge"]
[Site "http://www.queenalice.com/game.php?id=1841672"]
[Date "2024.8.10"]
[Round "-"]
[White "antoniotupan"]
[Black "jogo"]
[Result "1-0"]
[WhiteElo "2130"]
[BlackElo "1773"]

1. e4 e5 2. Nf3 Nf6 3. Nxe5 d6 4. Nf3 Nxe4 5. d4 d5 6. Bd3 Bd6 7. O-O O-O 8. Re1
Re8 9. c4 c6 10. Qb3 Nf6 11. Rxe8+ Qxe8 12. cxd5 Nxd5 13. Nc3 Nxc3 14. bxc3 h6
15. h3 Qe7 16. Bb2 Be6 17. c4 a5 18. d5 a4 19. Qc3 Qf6 20. dxe6 Qxc3 21. exf7+
Kxf7 22. Bxc3 1-0

[Event "Challenge"]
[Site "http://www.queenalice.com/game.php?id=1842475"]
[Date "2024.8.26"]
[Round "-"]
[White "jogo"]
[Black "antoniotupan"]
[Result "0-1"]
[WhiteElo "1774"]
[BlackElo "2147"]

1. e4 e5 2. d4 exd4 3. Qxd4 Nc6 4. Qe3 Nf6 5. a3 Be7 6. c4 Ng4 7. Qg3 d5 8. cxd5
Bh4 9. Qf3 Bxf2+ 10. Kd1 Nd4 11. Qc3 O-O 12. h3 Re8 13. hxg4 Bxg4+ 14. Nf3 Rxe4
15. Bd2 Qxd5 16. Bc4 Qf5 17. Bd3 Bxf3+ 18. Kc1 Ne2+ 19. Bxe2 Bxe2 20. Be1 Rc4
21. Qxc4 Bxc4 22. Nd2 Bd3 23. Bxf2 Qxf2 0-1

[Event "Challenge"]
[Site "http://www.queenalice.com/game.php?id=1842476"]
[Date "2024.8.26"]
[Round "-"]
[White "antoniotupan"]
[Black "jogo"]
[Result "1-0"]
[WhiteElo "2149"]
[BlackElo "1695"]

1. d4 Nf6 2. c4 g6 3. Nc3 d5 4. cxd5 Nxd5 5. e4 Nxc3 6. bxc3 Bg7 7. Nf3 c5 8.
Be3 Bg4 9. Rc1 cxd4 10. cxd4 a6 11. Be2 O-O 12. O-O Nc6 13. d5 Ne5 14. Nxe5 Bxe2
15. Qxe2 Bxe5 16. Qd3 Qa5 17. f4 Bg7 18. Qb3 b5 19. Rfd1 Rac8 20. Bd2 Bd4+ 21.
Kh1 Qb6 22. h3 Rc7 23. Rxc7 Qxc7 24. Bb4 Qa7 25. Bxe7 Qxe7 26. Rxd4 Qf6 27. e5
Qh4 28. Qe3 Qd8 29. f5 gxf5 30. d6 Re8 31. d7 Re7 32. Qg5+ Kf8 33. Qxf5 1-0

[Event "Let's Play Chess!"]
[Site "http://www.queenalice.com/game.php?id=1842794"]
[Date "2024.9.2"]
[Round "-"]
[White "antoniotupan"]
[Black "Charles56"]
[Result "1-0"]
[WhiteElo "2148"]
[BlackElo "1723"]

1. e4 e5 2. Nf3 d6 3. d4 exd4 4. Nxd4 a6 5. Bf4 Nf6 6. Nc3 Bg4 7. Be2 Bxe2 8.
Qxe2 Qd7 9. e5 dxe5 10. Bxe5 Be7 11. Bxf6 gxf6 12. O-O-O Rg8 13. Rhe1 Rxg2 14.
Nf5 Nc6 15. Rxd7 Kxd7 16. Nxe7 1-0

[Event "Let's Play Chess!"]
[Site "http://www.queenalice.com/game.php?id=1845273"]
[Date "2024.10.14"]
[Round "-"]
[White "antoniotupan"]
[Black "igor12345"]
[Result "1-0"]
[WhiteElo "2167"]
[BlackElo "2000"]

1. d4 d5 2. Nf3 h6 3. c4 e6 4. g3 a6 5. Bg2 dxc4 6. O-O c6 7. a4 b6 8. Ne5 Bb7
9. Bf4 Nf6 10. Nd2 b5 11. axb5 axb5 12. Rxa8 Bxa8 13. Qa1 Bb7 14. Qa7 Qc8 15.
Nexc4 Nfd7 16. Nd6+ Bxd6 17. Bxd6 f6 18. Nb3 Na6 19. Na5 Ba8 20. Rc1 Kf7 21.
Nxc6 Bxc6 22. Rxc6 1-0